000 00528nam a2200205Ia 4500
003 OSt
005 20251204152508.0
008 210210b2007 xxu||||| |||| 00| 0 eng d
040 _cAL
041 _aeng
082 _a658.002 BUSH
100 _aBusiness World
_971355
245 _aHow to get into Indias best B schools in 2008
_b: Mega Indian B school guide
260 _aNew Delhi
_bA B P
_c2007
300 _a169p
650 _ato
_971356
690 _aManagement Entrance
_971357
906 _a062152
942 _2ddc
_cBK
999 _c116834
_d116834